| 000 | 00465nam a22001457a 4500 | ||
|---|---|---|---|
| 082 | _a004 | ||
| 100 | _aHassan, Ammar | ||
| 245 |
_aImpact based sentiment Analysis / _cAmmar Hassan. |
||
| 260 |
_aIslamabad : _bCEME - NUST, _c2015. |
||
| 300 |
_a107 p. : ill. ; _c30cm. |
||
| 650 |
_aComputer Software Engineering - MS Theses. _934609 |
||
| 700 |
_aSup: Dr. Muhammad Younus Javed _934666 |
||
| 942 |
_2ddc _cTHE |
||
| 999 |
_c540718 _d540718 |
||